| 000 | 00000nam 2200000zi 4500 |
| 001 | 9.936217 |
| 003 | CaOODSP |
| 005 | 20250501150813 |
| 006 | m o d f |
| 007 | cr mn||||||||| |
| 008 | 200402t19821982oncab ob f000 0 fre d |
| 020 | |a0662915283 |q(imprimé) |
| 040 | |aCaOODSP|bfre|erda|cCaOODSP |
| 041 | 0 |afre|bfre|beng |
| 043 | |an-cn-on |
| 045 | |ax8x8 |
| 086 | 1 |aNH18-29/7-1982F-PDF |
| 086 | 1 |aEn43-51/7F |
| 245 | 00|aÉvaluation du régulateur de débit Hydro-Brake / |cpar Gore & Storrie Limited pour la Société canadienne d'hypothèques et de logement. |
| 264 | 1|a[Ottawa] : |bSociété canadienne d'hypothèques et de logement = Canadian Mortgage and Housing Corporation, |c[1982] |
| 264 | 4|c©1982 |
| 300 | |a1 ressource en ligne (vii, 34 pages) : |billustrations, cartes. |
| 336 | |atexte|btxt|2rdacontent/fre |
| 337 | |ainformatique|bc|2rdamedia/fre |
| 338 | |aressource en ligne|bcr|2rdacarrier/fre |
| 490 | 0 |aLa collecte et le traitement des eaux usées, |x0713-9128 ; |vrapport SCAT-7F |
| 500 | |aL'ISSN de la série fourni par le portail ISSN. |
| 500 | |aSur la couverture : LNH 5502 82/2. |
| 500 | |a« Rapports de recherche sur les eaux usées » -- Verso de la couverture. |
| 500 | |aÉdition numérisée de l'imprimé [par Environnement et changement climatique Canada]. |
| 504 | |aComprend des références bibliographiques. |
| 546 | |aCompend des résumés en français et en anglais. |
| 650 | 6|aÉgouts pluviaux|zOntario|zOttawa|xAppareils et matériel|xÉvaluation. |
| 650 | 0|aStorm sewers|zOntario|zOttawa|xEquipment and supplies|xEvaluation. |
| 710 | 2 |aSociété canadienne d'hypothèques et de logement, |eorganisme de publication. |
| 710 | 1 |aCanada. |bEnvironnement Canada, |eorganisme de publication. |
| 710 | 2 |aGore & Storrie Limited, |econsultant. |
| 775 | 08|tEvaluation of the "hydro-brake" flow regulator / |w(CaOODSP)9.950742 |
| 830 | #0|aLa collecte et le traitement des eaux usées ;|vrapport SCAT-7F.|w(CaOODSP)9.856039 |
| 856 | 40|qPDF|s1.32 Mo|uhttps://publications.gc.ca/collections/collection_2024/schl-cmhc/NH18-29-7-1982-fra.pdf |